| 000 | 00843nam a22002651 4500 | ||
|---|---|---|---|
| 001 | 3585880 | ||
| 003 | ARRUPE | ||
| 005 | 20140206120017.0 | ||
| 008 | 840503s1962 ne b 000 0 eng | ||
| 010 | _a 63025910 | ||
| 040 |
_aDLC/ICU _cICU _dDLC |
||
| 050 | 0 | 0 |
_aB4691.L44 _bL8 |
| 082 | 0 | 0 | _a164 |
| 100 | 1 |
_aLuschei, Eugene C. _98088 |
|
| 245 | 1 | 4 | _aThe logical systems of Lesniewski. |
| 260 |
_aAmsterdam, _bNorth-Holland Pub. Co., _c1962. |
||
| 300 |
_avii, 361 p. _c23 cm. |
||
| 440 | 0 |
_aStudies in logic and the foundations of mathematics _98089 |
|
| 504 | _aBibliography: p. [320]-333. | ||
| 600 | 1 | 0 |
_aLeśniewski, Stanislaw, _d1896-1939. _98090 |
| 650 | 0 |
_aLogic, Symbolic and mathematical. _98091 |
|
| 650 | 0 |
_aSemantics (Philosophy) _98092 |
|
| 906 |
_a7 _bcbc _corignew _du _eocip _f19 _gy-gencatlg |
||
| 942 |
_2lcc _cMONOGRAPH |
||
| 999 |
_c119979 _d119979 |
||